| 000 | 003580000a22001330004500 | ||
|---|---|---|---|
| 041 | 0 | _aSPA | |
| 090 | _aAV 0425 | ||
| 110 | 1 | _aComisión Médica Cristiana | |
| 245 | 1 | 0 | _aQué es el SIDA? : Manual para agentes de salud / Comisión Médica Cristiana |
| 260 | _aGinebra, Suiza : Consejo Mundial de Iglesias | ||
| 300 | _a28 Pag | ||
| 001 | 10400 | ||
| 942 | _cBK | ||
| 999 |
_c39966 _d39966 |
||